Crisis in the Arab East. (Record no. 90029)

MARC details
000 -LEADER
fixed length control field 00825cam a22002531 4500
001 - CONTROL NUMBER
control field sd 50000131
003 - CONTROL NUMBER IDENTIFIER
control field DLC
005 - DATE AND TIME OF LATEST TRANSACTION
control field 20260227112736.0
008 - FIXED-LENGTH DATA ELEMENTS--GENERAL INFORMATION
fixed length control field 800221s1950 nyu b 000 0 eng
010 ## - LIBRARY OF CONGRESS CONTROL NUMBER
LC control number sd 50000131
040 ## - CATALOGING SOURCE
Original cataloging agency DLC
Transcribing agency DLC
Modifying agency DLC
043 ## - GEOGRAPHIC AREA CODE
Geographic area code aw-----
050 00 - LIBRARY OF CONGRESS CALL NUMBER
Classification number D410
Item number .F65 vol. 25, no. 20
100 1# - MAIN ENTRY--PERSONAL NAME
Personal name Hurewitz, J. C.,
Dates associated with a name 1914-2008.
245 10 - TITLE STATEMENT
Title Crisis in the Arab East.
260 ## - PUBLICATION, DISTRIBUTION, ETC.
Place of publication, distribution, etc. New York,
Name of publisher, distributor, etc. Foreign Policy Association,
Date of publication, distribution, etc. 1950.
300 ## - PHYSICAL DESCRIPTION
Extent [246]-255, [1] p.
Dimensions 27 cm.
490 0# - SERIES STATEMENT
Series statement Foreign policy reports, v. 25, no. 20
500 ## - GENERAL NOTE
General note "The Clapp mission report, by Miriam Freund": p. [256]
504 ## - BIBLIOGRAPHY, ETC. NOTE
Bibliography, etc. note Bibliographical footnotes.
651 #0 - SUBJECT ADDED ENTRY--GEOGRAPHIC NAME
Geographic name Arab countries
General subdivision Politics and government
Chronological subdivision 1945-
610 20 - SUBJECT ADDED ENTRY--CORPORATE NAME
Corporate name or jurisdiction name as entry element League of Arab States.
651 #0 - SUBJECT ADDED ENTRY--GEOGRAPHIC NAME
Geographic name Middle East
General subdivision Economic conditions
Chronological subdivision 1945-1979.

No items available.

Powered by Koha